Estatísticas para Quebra-cabeça para colorir bandeira nº 1

Clique aqui para jogar o quiz

Estatísticas Gerais

  • Esse quiz foi jogado 178 vezes
  • A pontuação média é 4 de 6

Respostas no mapa

Respostas codificadas por cores de uma escala verde-vermelha no mapa do quiz de acordo com a % correta abaixo.
 

Estatísticas das Respostas

Resposta% Correto
branco
84%
preto
59%
vermelho
55%
amarelo
52%
azul
52%
verde
52%

Distribuição das Pontuações

Percentil de Números Respondidos

Porcentagem de Pessoas com Cada Pontuação

Sua Pontuação Histórica

Você não jogou esse quiz